Innovación y creatividad en las organizaciones (Registro nro. 31211)

Detalles MARC
000 -LEADER
fixed length control field 00324 a2200109 4500
001 - CONTROL NUMBER
control field ART_39589
005 - DATE AND TIME OF LATEST TRANSACTION
control field 20260410162000.0
008 - FIXED-LENGTH DATA ELEMENTS--GENERAL INFORMATION
fixed length control field 260409a
100 1# - MAIN ENTRY--PERSONAL NAME
Personal name Rumbo, Jorge Angel
245 10 - TITLE STATEMENT
Title Innovación y creatividad en las organizaciones
773 0# - HOST ITEM ENTRY
Title Propuestas
Related parts - Año 1, Nº 1 (jun. 1995)
Record control number REV28258

No hay ítems disponibles.